000 01594cam a22004334i 4500
003 PE-LiUPU
005 20250731173210.0
008 150625s1993 sp r 000 0 spa d
035 _a(Sirsi) a31970
040 _aPE-LiUPU
_bspa
_cPE-LiUPU
_erda
082 0 4 _a220.63172
_bN29
_221
100 1 _aNavarro, Mercedes,
_eautor.
245 1 0 _aBarro y aliento :
_bexégesis y antropología teológica de Génesis 2-3 /
_cMercedes Navarro.
264 1 _aMadrid :
_bEdiciones Paulinas,
_c1993.
300 _a451 páginas ;
_c21 centímetros
336 _atext
_2rdacontent
337 _aunmediated
_2rdamedia
338 _avolume
_2rdacarrier
440 _a(Biblioteca de teología ;
_v32)
500 _aBibliografía: p. 431-434
505 0 _aLa emergencia de la vida -- El surgimiento de la autonomia humana -- La finitud del ser humano y la vida fuera del Jardin.
526 _aSEG42
526 _aSEG41
526 _aSEG40
526 _aSEG39
526 _aP94
526 _aP87
526 _aP86
526 _aP85
526 _aP77
526 _aP76
526 _aP35
630 1 4 _aBiblia.
_pA.T.
_pGénesis
_xCrítica e interpretación.
942 _2ddc
_cBOOK
949 _a220.63172 N29
_wDEWEY
_c1
_i36791
_lCCODEBUL1
_mBUL
_p30.00
_r0
_sY
_tBOOK
_u2015-06-25
_xBIBLIOTECA
_zUNKNOWN
_0COMPRA
_o.STAFF. Colección Teología
596 _a1
999 _a220.63172 N29
_wDEWEY
_c39577
_i36791
_f2021-11-9
_g5
_lCCODEBUL1
_mBUL
_p30.00
_r0
_sY
_tBOOK
_u2015-6-25
_xTEOLOGIA
_PP35
_0COMPRA
_o.STAFF. Colección Teología
_d39577
980 _81
_gALBERTO SANCHEZ Responsable de Automatización